<?xml version="1.0" encoding="UTF-8"?>
<record
    xmlns:xsi="http://www.w3.org/2001/XMLSchema-instance"
    xsi:schemaLocation="http://www.loc.gov/MARC21/slim http://www.loc.gov/standards/marcxml/schema/MARC21slim.xsd"
    xmlns="http://www.loc.gov/MARC21/slim">

  <leader>01325nam a22002657a 4500</leader>
  <controlfield tag="001">BRCA_9193</controlfield>
  <controlfield tag="003">FranzMayer</controlfield>
  <controlfield tag="005">20220809132826.0</controlfield>
  <controlfield tag="008">220707b        |||||||| |||| 00| 0 spa d</controlfield>
  <datafield tag="020" ind1=" " ind2=" ">
    <subfield code="a">9788492546473</subfield>
  </datafield>
  <datafield tag="040" ind1=" " ind2=" ">
    <subfield code="b">spa</subfield>
    <subfield code="c">MFM</subfield>
  </datafield>
  <datafield tag="041" ind1="1" ind2=" ">
    <subfield code="a">spa</subfield>
    <subfield code="a">eng</subfield>
  </datafield>
  <datafield tag="050" ind1=" " ind2=" ">
    <subfield code="a">NK2740.604</subfield>
    <subfield code="b">A35 2018</subfield>
  </datafield>
  <datafield tag="100" ind1=" " ind2=" ">
    <subfield code="a">Aguil&#xF3; Alonso, Mar&#xED;a Paz&#x200F;</subfield>
    <subfield code="d">1946-</subfield>
    <subfield code="e">autor</subfield>
    <subfield code="9">28430</subfield>
  </datafield>
  <datafield tag="245" ind1="1" ind2="0">
    <subfield code="a">Escritorios y bargue&#xF1;os espa&#xF1;oles = Spanish bargue&#xF1;os and writing chests / </subfield>
    <subfield code="c">autor Ma. Paz Aguil&#xF3; Alonso; traducci&#xF3;n Mar&#xED;a Luisa Ollero </subfield>
  </datafield>
  <datafield tag="260" ind1=" " ind2=" ">
    <subfield code="a">Espa&#xF1;a:</subfield>
    <subfield code="b">Ministerio de Econom&#xED;a y Empresa</subfield>
    <subfield code="c">2018</subfield>
  </datafield>
  <datafield tag="300" ind1=" " ind2=" ">
    <subfield code="a">91 p. :</subfield>
    <subfield code="b">il. col. ;</subfield>
    <subfield code="c">21 x 24 cm.</subfield>
  </datafield>
  <datafield tag="500" ind1=" " ind2=" ">
    <subfield code="a">Ubicaci&#xF3;n: L59-N5</subfield>
  </datafield>
  <datafield tag="500" ind1=" " ind2=" ">
    <subfield code="a">Incluye imagen de pieza del Museo Franz Mayer (p. 17)</subfield>
  </datafield>
  <datafield tag="504" ind1=" " ind2=" ">
    <subfield code="a">Bibliograf&#xED;a: p. 90-91</subfield>
  </datafield>
  <datafield tag="520" ind1=" " ind2=" ">
    <subfield code="a">La autora hace una una aproximaci&#xF3;n a los or&#xED;genes y la evoluci&#xF3;n de los escritorios y bargue&#xF1;os. En su investigaci&#xF3;n, indaga sobre los materiales utilizados en distintas &#xE9;pocas, las influencias recibidas a lo largo de los siglos y las peculiaridades de las diferentes escuelas, incluyendo las caracter&#xED;sticas de los escritorios realizados en la Am&#xE9;rica virreinal. </subfield>
  </datafield>
  <datafield tag="650" ind1=" " ind2=" ">
    <subfield code="a">Escritorio</subfield>
    <subfield code="x">Bargue&#xF1;o</subfield>
    <subfield code="x">Historia</subfield>
    <subfield code="z">Espa&#xF1;a</subfield>
    <subfield code="9">28431</subfield>
  </datafield>
  <datafield tag="942" ind1=" " ind2=" ">
    <subfield code="2">lcc</subfield>
    <subfield code="c">B</subfield>
  </datafield>
  <datafield tag="999" ind1=" " ind2=" ">
    <subfield code="c">10812</subfield>
    <subfield code="d">10812</subfield>
  </datafield>
  <datafield tag="952" ind1=" " ind2=" ">
    <subfield code="0">0</subfield>
    <subfield code="1">0</subfield>
    <subfield code="2">lcc</subfield>
    <subfield code="4">0</subfield>
    <subfield code="7">0</subfield>
    <subfield code="a">BRCA</subfield>
    <subfield code="b">BRCA</subfield>
    <subfield code="d">2022-07-07</subfield>
    <subfield code="l">0</subfield>
    <subfield code="o">NK2740.604 A35 2018</subfield>
    <subfield code="p">CONT9965</subfield>
    <subfield code="r">2022-07-07 00:00:00</subfield>
    <subfield code="w">2022-07-07</subfield>
    <subfield code="y">B</subfield>
  </datafield>
</record>
